000 00373nam a2200157Ia 4500
003 GCL
008 140319s9999 xx 000 0 eng d
040 _aGCL /
_cGCL
082 0 4 _a711.45
_bW N
100 1 _aWALKER, DEREK
245 1 0 _aNEW TOWNS /
_cWALKER, DEREK
260 _a[S.N] :
_bACADEMY GROUP ،
_c1994
300 _a96
650 0 4 _aNEW TOWNS
942 _2ddc
_cBK
999 _c10367
_d10367